ბათუმის შოთა რუსთაველის სახელმწიფო უნივერსიტეტის ბიბლიოთეკა

ძველი ისტორია : (ბიბ.ჩანაწერი № 59731)

000 -ლიდერი
ფიქსირებული სიგრძის საკონტროლო ველი 01157nam a22002057a 4500
003 - საკონტროლო ნომრის იდენტიფიკატორი
საკონტროლო ველი Ge_BSU
005 - ბოლო ოპერაციის თარიღი და დრო
საკონტროლო ველი 20230407150134.0
008 - ფიქსირებული სიგრძის მონაცემთა ელემენტები - ზოგადი ინფორმაცია
ფიქსირებული სიგრძის საკონტროლო ველი 230407s2003 ge ||||| |||| 00| 0 geo d
041 ## - ენის კოდი
Language code of text/sound track or separate title geo
080 ## - უნივერსალური ათობითი კლასიფიკაციის ინდექსი
Universal Decimal Classification number 94(3)(063) ძ-49
245 ## - ცნობა სათაურის შესახებ
Title ძველი ისტორია :
Remainder of title [კრებული]. კრ. 3 /
Statement of responsibility, etc რედ. გ. ქავთარია ; თსუ-ს ძვ. მსოფლიოს ისტ. კათედრა.
264 ## - წარმოების, გამოცემის, დისტრიბუციის და სხვა ცნობები
გამოცემის, წარმოების, დისტრიბუციის... ადგილი თბილისი :
გამოცემის, წარმოების, დისტრიბუციის... სახელწოდება თბილ. უნ-ტის გამ-ბა,
გამოცემის, წარმოების, დისტრიბუციის... თარიღი 2003.
300 ## - ფიზიკური აღწერა
Extent 115 გვ.;
Other physical details 20 სმ.
500 ## - ზოგადი შენიშვნა
General note გაშლილი თავფურც. რუსულ და ინგლ. ენაზე
520 ## - SUMMARY, ETC.
Summary, etc სტატიის ბოლოს რეზ. ინგლ.
653 ## - INDEX TERM--UNCONTROLLED
Uncontrolled term ძველი მსოფლიოს ისტორია
700 ## - ADDED ENTRY--PERSONAL NAME
Personal name ქავთარია, გ.
Relator term რედაქტორი
9 (RLIN) 17549
710 ## - ADDED ENTRY--CORPORATE NAME
Corporate name or jurisdiction name as entry element თბილისის სახელმწიფო უნივერსიტეტი.
Subordinate unit ძველი მსოფლიოს ისტორიის კათედრა.
9 (RLIN) 17550
942 ## - ADDED ENTRY ELEMENTS (KOHA)
Source of classification or shelving scheme
Koha item type წიგნი
ეგზემპლარები
ჩამოწერის სტატუსი დაკარგული ეგზემპლარის სტატუსი კლასიფიკაციის წყარო ან თაროზე გაწყობის სქემა დაზიანების სტატუსი არ გაიცემა მუდმივი მდებარეობა (დაცვის ადგილი) ამჟამინდელი ადგილსამყოფელი თაროზე განთავსების ადგილი შეძენის თარიღი ღირებულება, შესყიდვის ნორმალური ფასი სრული შენახვის შიფრი შტრიხკოდი ბოლო ოპერაციის თარიღი ეგზემპლარის მიმდევრობითი ნომერი (კეტერი?) Uniform Resource Identifier ფასის ძალაში შესვლის თარიღი ეგზემპლარის სახეობა საჯარო შენიშვნა
          ბათუმის შოთა რუსთაველის სახელმწიფო უნივერსიტეტის მთავარი ბიბლიოთეკა ბათუმის შოთა რუსთაველის სახელმწიფო უნივერსიტეტის მთავარი ბიბლიოთეკა წიგნსაცავი 2023-04-07 6.00 94(3)(063) ძ-49 64204 2023-04-07 64204 ბსუ-ს საპატიო დოქტორის გურამ ლორთქიფანიძის საჩუქარი 2023-04-07 წიგნი 6 ლ.